[Event "388 Stay Safe Play From Home series"]
[Site "Emanuel Lasker Arena"]
[Date "2020.08.17"]
[Round "6"]
[White "Greblha"]
[Black "NTBT_DHS"]
[Result "0-1"]
[WhiteElo "1937"]
[BlackElo "2552"]
[Annotator "TA"]
[PlyCount "64"]
[EventDate "2020.08.17"]
[EventType "swiss (blitz)"]

{[%evp 12,64,36,48,49,0,0,0,-4,-10,0,-10,-14,-120,-110,-123,-134,-155,-141,-239,-227,-208,-215,-233,0,0,0,-103,-103,-352,-356,-356,-341,-336,-329,-517,-509,-866,-853,-1786,-1784,-29991,-29988,-29987,-29985,-29988,-29989,-29990,-29991,-29990,-29991,-29992,-29991,-29996,-29997]} 1. e4 g6 2. d4 Bg7 3. Nc3 d6 4. Be3 Nd7 5. f3 a6 6. Qd2 b5 7. Nge2 Bb7 {B06: Modern Defence.} 8. Ng3 h5 9. Be2 h4 {The position is equal.} 10. Nf1 {[#]} c5 $146 ({Predecessor:} 10... Ngf6 11. g3 hxg3 12. Nxg3 Nb6 13. Nd1 e6 14. Nf2 Rc8 15. Ng4 Nxg4 16. fxg4 Qh4 {0-1 (43) Forsberg,A (2027)-Burwick,M (2247) Vaxjo 2018}) 11. dxc5 Nxc5 12. g3 (12. O-O-O $11) 12... Rc8 $17 13. g4 Nf6 {[%cal Rc5e4]} 14. h3 b4 $36 {[%mdl 2048] Black is on the roll.} 15. Nd5 (15. Nd1 $17) 15... Nfxe4 16. fxe4 Nxe4 17. Qd3 Ng3 $2 {[#]} (17... Qa5 $19 18. Bf3 (18. Bd4 $2 b3+ 19. c3 Bxd4 $19) 18... Qxd5 19. Qxd5 Bxd5) 18. Nxg3 $11 hxg3 19. O-O (19. Bb6 $11 {remains equal.} Qd7 20. Bd4 Bxd4 21. Qxd4 {[%mdl 64] Double Attack}) 19... Rxh3 $17 {Strongly threatening ...e6.} 20. Kg2 $2 {This move loses the game for White.} (20. Bf3 $17 g2 21. Bxg2 (21. Kxg2 Rxf3 22. Rxf3 e6 $17)) 20... Rh2+ $19 21. Kxg3 {[#]} Rxe2 $1 {[%mdl 576] Deflection} 22. Qxe2 {Bb6 is the strong threat.} Bxd5 23. Qf2 (23. Qd2 {keeps fighting.} Qa5 24. Bd4 Bxd4 25. Qxd4) 23... Qd7 24. c3 (24. Bf4 $142 Bxb2 25. Rad1) 24... Rc4 25. Bf4 g5 26. b3 Rxf4 {Black mates.} 27. Qe2 Bxc3 28. Rxf4 gxf4+ 29. Kf2 Bxa1 30. Qxa6 Bd4+ 31. Kf1 Qc7 32. Qa8+ Bxa8 {Accuracy: White = 31%, Black = 95%.} 0-1

[Event "388 Stay Safe Play From Home series"]
[Site "Emanuel Lasker Arena"]
[Date "2020.08.17"]
[Round "6"]
[White "Padmaesh M K"]
[Black "Stefanone"]
[Result "0-1"]
[WhiteElo "1847"]
[BlackElo "1980"]
[PlyCount "32"]
[EventDate "2020.08.17"]
[EventType "swiss (blitz)"]

1. e4 {[%emt 0:00:01]} e6 {[%emt 0:00:01]} 2. d4 {[%emt 0:00:02]} d5 {[%emt 0:00:00]} 3. Nc3 {[%emt 0:00:01]} c6 {[%emt 0:00:01]} 4. Nf3 {[%emt 0:00:03]} f5 {[%emt 0:00:01]} 5. exf5 {[%emt 0:00:01]} exf5 {[%emt 0:00:00]} 6. Bd3 {[%emt 0:00:01]} Nf6 {[%emt 0:00:00]} 7. O-O {[%emt 0:00:01]} Ne4 {[%emt 0:00:00]} 8. Ne5 {[%emt 0:00:04]} g6 {[%emt 0:00:02]} 9. Bxe4 {[%emt 0:00:01]} dxe4 {[%emt 0:00:01]} 10. f3 {[%emt 0:00:02]} exf3 {[%emt 0:00:01]} 11. Rxf3 {[%emt 0:00:01]} Bd6 {[%emt 0:00:01]} 12. Qe2 {[%emt 0:00:05]} O-O {[%emt 0:00:01]} 13. Qc4+ {[%emt 0:00:01]} Kg7 {[%emt 0:00:01]} 14. Rh3 {[%emt 0:00:04]} f4 {[%emt 0:00:02]} 15. Ne4 {[%emt 0:00:05]} Bxh3 {[%emt 0:00:02]} 16. Ng5 {[%emt 0:00:02]} Qxg5 {[%emt 0:00:02] Padmaesh M K resigns Padmaesh M K resigns Padmaesh M K resigns (Lag: Av=0.34s, max=0.7s) (Lag: Av=0.34s, max=0.7s) (Lag: Av=0.34s, max=0.7s)} 0-1

[Event "388 Stay Safe Play From Home series"]
[Site "Emanuel Lasker Arena"]
[Date "2020.08.17"]
[Round "6"]
[White "ROOPAL79"]
[Black "Trotsky"]
[Result "1-0"]
[WhiteElo "1621"]
[BlackElo "1592"]
[Annotator "NA"]
[PlyCount "35"]
[EventDate "2020.08.17"]
[EventType "swiss (blitz)"]

1. d4 {[%emt 0:00:05]} d5 {[%emt 0:00:03]} 2. c4 {[%emt 0:00:05]} e6 {[%emt 0:00:01]} 3. Nc3 {[%emt 0:00:03]} c5 {[%emt 0:00:01]} 4. cxd5 {[%emt 0:00:02]} exd5 {[%emt 0:00:01]} 5. e3 {[%emt 0:00:03]} Nc6 {[%emt 0:00:01]} 6. Bb5 {[%emt 0:00:02]} c4 {[%emt 0:00:01]} 7. Ba4 {[%emt 0:00:03]} a6 {[%emt 0:00:02]} 8. Bc2 {[%emt 0:00:02]} Bd6 {[%emt 0:00:01]} 9. e4 {[%emt 0:00:01]} Be6 {[%emt 0:00:03]} 10. exd5 {[%emt 0:00:02]} Bxd5 {[%emt 0:00:01]} 11. Nxd5 {[%emt 0:00:02]} Nf6 {[%emt 0:00:04]} 12. Nxf6+ {[%emt 0:00:01]} Qxf6 {[%emt 0:00:01]} 13. Nf3 {[%emt 0:00:02]} h6 {[%emt 0:00:03]} 14. Be3 {[%emt 0:00:02]} O-O-O {[%emt 0:00:01]} 15. O-O {[%emt 0:00:03]} g5 {[%emt 0:00:02]} 16. Nd2 {[%emt 0:00:03]} h5 {[%emt 0:00:03]} 17. Ne4 {[%emt 0:00:03]} g4 {[%emt 0:00:04]} 18. Nxf6 {[%emt 0:00:03] Trotsky Ñäàåòñÿ Trotsky Ñäàåòñÿ Trotsky Ñäàåòñÿ} 1-0

[Event "388 Stay Safe Play From Home series"]
[Site "Emanuel Lasker Arena"]
[Date "2020.08.17"]
[Round "7"]
[White "NTBT_DHS"]
[Black "IceQueen"]
[Result "1-0"]
[WhiteElo "2553"]
[BlackElo "2319"]
[Annotator "TA"]
[PlyCount "49"]
[EventDate "2020.08.17"]
[EventType "swiss (blitz)"]

{[%evp 9,48,35,43,0,0,-8,10,12,3,-4,52,-19,0,-40,-58,-85,-88,-185,-87,-85,-83,-137,-96,-97,-93,-96,-33,-9,-17,-11,-20,-64,0,-104,0,0,0,0,732,731,29999]} 1. e4 d6 2. Nf3 Nf6 3. Nc3 g6 4. d4 c6 5. Bg5 Bg7 6. e5 {B08: Pirc Defence: Classical System.} dxe5 7. dxe5 Nd5 8. Bc4 {[%cal Rc3d5] The position is equal.} Be6 9. O-O O-O (9... h6 $11 10. Nxd5 cxd5 11. Bb5+ Nd7) 10. Ne4 {[#]} (10. Qd2 $14) 10... h6 $146 ({Predecessor:} 10... Nd7 11. Re1 Nxe5 12. Nxe5 Bxe5 13. Nc5 Qc7 14. Nxe6 fxe6 15. g3 Bxb2 16. Rb1 Bf6 {1-0 (50) Bondarev,B (1981)-Ermoshkina,E (1757) Taganrog 2014}) 11. Bh4 Nd7 12. Bb3 Nxe5 13. Nc5 {[#]} (13. h3 $17 {was necessary.}) 13... Nxf3+ (13... Bg4 $1 $19 {and Black stays clearly on top.} 14. Bg3 Nxf3+ 15. gxf3 Bh3) 14. Qxf3 $17 Bf5 15. Rad1 (15. g4 $142 Qb6 16. gxf5 Qxc5 17. fxg6) 15... Qb6 (15... Bxb2 16. c4 $14) 16. Na4 Qb4 17. c4 {[#]} b5 ({Better is} 17... Nf6 $1 $17 {aiming for ...Bg4.} 18. h3 Be6) 18. a3 $15 Qa5 19. cxd5 {Strongly threatening Nc5.} bxa4 20. Bc4 cxd5 ({Inferior is} 20... Bxb2 21. Bxe7 Rfe8 22. Bb4 $16) (20... Qc5 $15 21. b3 axb3 22. Bxb3 cxd5 23. Rxd5 Qc7) 21. Rxd5 (21. Bxd5 $11 Rae8 22. Bc6) 21... Qb6 (21... Qc7 $17 22. Bb5 Be6) 22. Bxe7 $11 Rfe8 {Hoping for ...Rac8.} 23. Bb4 Be4 $2 {[%mdl 8192] [#]} (23... Rac8 $11 24. b3 axb3 25. Bxb3 Bb2) 24. Qxf7+ $1 $18 {[%mdl 512]} Kxf7 25. Rf5# $1 {Accuracy: White = 46%, Black = 39%.} 1-0

[Event "388 Stay Safe Play From Home series"]
[Site "Emanuel Lasker Arena"]
[Date "2020.08.17"]
[Round "7"]
[White "AChessPlayer"]
[Black "Greblha"]
[Result "1-0"]
[WhiteElo "2412"]
[BlackElo "1936"]
[Annotator "TA"]
[PlyCount "129"]
[EventDate "2020.08.17"]
[EventType "swiss (blitz)"]

{[%evp 10,129,2,0,17,8,6,2,27,6,28,18,39,0,22,23,42,35,49,31,53,31,60,60,96,104,115,88,97,96,100,59,66,-75,0,0,119,40,41,-11,0,-14,-35,-358,-331,-346,-309,-359,-383,-472,-390,-441,-349,-514,-220,-1005,-367,-563,-502,-547,-559,-551,-494,-548,-545,-598,-565,-557,-557,-549,-560,-763,-752,-683,12,-674,-653,-794,-773,-791,-777,-740,-602,-736,-692,-908,-805,-873,-843,-780,-719,-643,-518,-921,-811,-704,-364,-363,-308,-510,-497,-422,-302,-285,29989,29989,29992,29984,29981,29981,29987,29988,29990,29985,29987,29983,29982,5065,29984,5065,29985,4560]} 1. Nf3 c6 2. g3 d5 3. Bg2 Nf6 4. O-O Bf5 5. d4 e6 6. Nbd2 Bd6 {D02: 1 d4 d5 2 Nf3 sidelines, including 2...Nf6 3 g3 and 2...Nf6 3 Bf4.} 7. b3 O-O 8. Bb2 Ne4 {The position is equal.} 9. c4 {[#]} Nxd2 $146 ({Predecessor:} 9... Bb4 10. a3 Bc3 11. Qc1 Bxb2 12. Qxb2 Qa5 13. b4 Qd8 14. Rfc1 Nd7 15. Nh4 Nxd2 16. Qxd2 {1-0 (29) Vuilleumier,A (2354)-Makolli,P (2251) Kusadasi 2006}) 10. Qxd2 Nd7 11. Rac1 Bg6 12. Nh4 f5 13. Nxg6 hxg6 14. f3 Nf6 15. Rfe1 Bc7 16. e4 Ba5 17. b4 $36 {[%mdl 2048] White is on the roll.} Bc7 18. e5 Nd7 19. c5 a5 {and if ...axb4 works, Black does fine.} 20. b5 cxb5 21. c6 (21. Bf1 $14 {stays ahead.}) 21... bxc6 ({Better is} 21... Nb6 $1 $17 {Strongly threatening ...Nc4.} 22. cxb7 Ra7) 22. Rxc6 $11 a4 (22... Nb8 $11 {remains equal.} 23. Rc2 b4) 23. Rec1 (23. Rxe6 $16 Nb6 24. Rxg6) 23... Ba5 $14 24. Qd3 (24. Bc3 $1 $14) 24... Re8 25. Qxb5 Rb8 26. Qxa4 $2 {[%mdl 8192]} ({White has to play} 26. Qe2 $15) 26... Rxb2 $19 27. Rd6 Re7 28. Bf1 Bd2 29. Rcc6 Be3+ 30. Kh1 Rf2 ({Don't do} 30... Rb1 31. Qa6 $19) 31. Qb5 (31. Bb5 {was necessary.} Rb2 32. Qa6) 31... Rxa2 (31... Bxd4 $142 32. f4 Qe8) 32. Rc1 $2 (32. Rxe6 Ra5 33. Qb7 Rxe6 34. Rc8) 32... Qa8 $2 (32... Bxc1 33. Qb1 Qa5 34. Qxc1 Ra1 $1 {[%mdl 512]}) 33. Rb1 (33. Rc7 {was called for.} Rf2 34. Qa6 Qxa6 35. Bxa6) 33... Ra1 34. Kg2 {If only White now had time for Rxa1....} Rxb1 35. Qxb1 Nf8 36. Be2 Bxd4 {aiming for ...Rb7.} 37. Qd3 Bxe5 38. Ra6 Qb7 39. f4 Bf6 40. Bf3 Rc7 {And now ...Qb2+ would win.} 41. Ra2 Rc4 $2 {[#]} (41... Rc3 $19 42. Qd2 Qc6) 42. Qf1 $2 {[%mdl 8192]} (42. Qxc4 $1 $11 {[%mdl 512]} g5 (42... dxc4 43. Bxb7) 43. fxg5 Bxg5 44. Qa6) 42... Qc7 43. Re2 Rc2 44. Qf2 Rxe2 45. Qxe2 Qc4 46. h4 Kf7 47. Qd1 Qa2+ 48. Kh3 Qb2 49. h5 Bc3 50. hxg6+ Nxg6 {[#]} 51. Bh5 (51. Bxd5 $142 $1 {[%mdl 512]} Qb5 (51... exd5 52. Qxd5+) 52. Bh1) 51... Qd2 52. Qb1 Qd4 53. Qb7+ Kf6 54. Qc8 $2 {[#]} (54. Qd7 Qc5 55. Qe8 Nxf4+ 56. gxf4 Qe3+ {[%mdl 64] Double Attack} 57. Kg2 Qe4+ 58. Bf3 Qc2+ 59. Kh3) 54... Nxf4+ $1 55. gxf4 {[%cal Rc8f8]} Qe3+ 56. Kg2 {[%cal Rc8f8]} Qe2+ $4 {[%mdl 8192]} ({Inferior is} 56... Qxf4 57. Qd8+ Ke5 58. Qb8+ Ke4 59. Qb1+ Kd4 60. Qb6+ Kd3 61. Qb1+ Kd4 62. Qb6+ Ke5 63. Qb8+ Ke4 64. Qb1+ Kd4 $11) (56... Bb4 $19 57. Qd8+ Be7) 57. Bxe2 Bd2 58. Bf3 Bxf4 59. Qe8 g5 60. Bh5 Ke5 61. Qg6 g4 62. Qg7+ Ke4 63. Qh7 (63. Qd7 $142 e5 64. Bg6 Kd4 65. Bxf5 Kc5 66. Qc7+ Kd4 67. Qb6+ Kc4 {[#]} 68. Be6 $1 {[%mdl 512]}) 63... g3 64. Bg4 (64. Qd7 $142 e5 65. Bf3+ Kd3 66. Bxd5 Kc3 67. Qxf5 Be3 68. Qxe5+ Bd4 69. Qxg3+ Kb4 70. Qb3+ Kc5 71. Qc4+ Kd6 72. Qxd4) 64... d4 65. Bxf5+ {Never resign too early! Accuracy: White = 43%, Black = 55%.} (65. Qb7+ $142 Kd3 66. Qb3+ Kd2 67. Qb2+ Kd3 68. Be2+ Ke3 69. Qb5 Bb8 70. Qd3+ Kf4 71. Qxg3+ Ke4 72. Bd3+ Kd5 73. Qxb8) 1-0

[Event "388 Stay Safe Play From Home series"]
[Site "Emanuel Lasker Arena"]
[Date "2020.08.17"]
[Round "7"]
[White "Hickey"]
[Black "Padmaesh M K"]
[Result "1-0"]
[WhiteElo "2241"]
[BlackElo "1836"]
[PlyCount "79"]
[EventDate "2020.08.17"]
[EventType "swiss (blitz)"]

1. e4 {[%emt 0:00:01]} e5 {[%emt 0:00:02]} 2. Nf3 {[%emt 0:00:01]} Nc6 {[%emt 0:00:00]} 3. Bc4 {[%emt 0:00:01]} Bc5 {[%emt 0:00:01]} 4. Nc3 {[%emt 0:00:01]} d6 {[%emt 0:00:01]} 5. O-O {[%emt 0:00:01]} Nf6 {[%emt 0:00:00]} 6. d3 {[%emt 0:00:03]} Bg4 {[%emt 0:00:01]} 7. h3 {[%emt 0:00:02]} Bh5 {[%emt 0:00:01]} 8. Bg5 {[%emt 0:00:01]} Nd4 {[%emt 0:00:02]} 9. Nd5 {[%emt 0:00:02]} Nxf3+ {[%emt 0:00:09]} 10. gxf3 {[%emt 0:00:00]} Qd7 {[%emt 0:00:02]} 11. Kh2 {[%emt 0:00:07]} Nxd5 {[%emt 0:00:04]} 12. Bxd5 {[%emt 0:00:00]} c6 {[%emt 0:00:01]} 13. Bc4 {[%emt 0:00:02]} f6 {[%emt 0:00:01]} 14. Be3 {[%emt 0:00:01]} Bb6 {[%emt 0:00:03]} 15. Rg1 {[%emt 0:00:01]} g5 {[%emt 0:00:02]} 16. Rg3 {[%emt 0:00:01]} O-O-O {[%emt 0:00:03]} 17. a4 {[%emt 0:00:02]} Rhf8 {[%emt 0:00:02]} 18. b4 {[%emt 0:00:02]} Bxe3 {[%emt 0:00:01]} 19. fxe3 {[%emt 0:00:00]} h6 {[%emt 0:00:02]} 20. d4 {[%emt 0:00:04]} f5 {[%emt 0:00:01]} 21. dxe5 {[%emt 0:00:01]} dxe5 {[%emt 0:00:01]} 22. Qxd7+ {[%emt 0:00:02]} Kxd7 {[%emt 0:00:00]} 23. exf5 {[%emt 0:00:05]} Rxf5 {[%emt 0:00:00]} 24. Rd1+ {[%emt 0:00:01]} Ke7 {[%emt 0:00:01]} 25. Rxd8 {[%emt 0:00:00]} Kxd8 {[%emt 0:00:00]} 26. Kg2 {[%emt 0:00:01]} Rf6 {[%emt 0:00:03]} 27. Bd3 {[%emt 0:00:02]} Ke7 {[%emt 0:00:03]} 28. Kf2 {[%emt 0:00:02]} Ke6 {[%emt 0:00:01]} 29. Be4 {[%emt 0:00:01]} Rf8 {[%emt 0:00:02]} 30. Ke2 {[%emt 0:00:01]} Rd8 {[%emt 0:00:00]} 31. h4 {[%emt 0:00:02]} gxh4 {[%emt 0:00:02]} 32. Rh3 {[%emt 0:00:00]} Bf7 {[%emt 0:00:01]} 33. Rxh4 {[%emt 0:00:01]} Rh8 {[%emt 0:00:01]} 34. f4 {[%emt 0:00:03]} h5 {[%emt 0:00:00]} 35. f5+ {[%emt 0:00:02]} Kf6 {[%emt 0:00:02]} 36. Kf3 {[%emt 0:00:00]} Kg5 {[%emt 0:00:01]} 37. Rh2 {[%emt 0:00:02]} h4 {[%emt 0:00:00]} 38. Rg2+ {[%emt 0:00:01]} Kf6 {[%emt 0:00:01]} 39. Rh2 {[%emt 0:00:00]} Bh5+ {[%emt 0:00:01]} 40. Kf2 {[%emt 0:00:00] Time Time Time (Lag: Av=0.63s, max=1.0s) (Lag: Av=0.63s, max=1.0s) (Lag: Av=0.63s, max=1.0s)} 1-0

[Event "388 Stay Safe Play From Home series"]
[Site "Emanuel Lasker Arena"]
[Date "2020.08.17"]
[Round "7"]
[White "Stefanone"]
[Black "Mepe_Nika"]
[Result "0-1"]
[WhiteElo "1991"]
[BlackElo "2406"]
[Annotator "TA"]
[PlyCount "112"]
[EventDate "2020.08.17"]
[EventType "swiss (blitz)"]

{[%evp 9,112,-36,-26,-28,-28,-47,-47,-49,-47,-47,-19,-26,-19,-49,-47,-48,-20,-22,-15,-28,-12,-27,-22,-41,-31,-31,-9,-12,-12,-13,-13,-18,-20,-21,-8,-30,-32,-37,-37,-37,-37,-37,-37,-37,-30,-37,-37,-37,-37,-37,-13,-37,-9,-52,-37,-37,-37,-37,-37,-37,-37,-37,-37,-37,-37,-2352,-37,-3558,-37,-37,-37,-1966,-1384,-5193,-5185,-6569,-5535,-3037,-2566,-1620,-1398,-29973,-29973,-29976,-29977,-29977,-29978,-29978,-29979,-29979,-29980,-29982,-29983,-29983,-29983,-29983,-29984,-29984,-29985,-29985,-29986,-29989,-29987,-29991,-29992]} 1. d4 d5 2. e3 Nf6 3. f4 Bf5 4. Nf3 e6 5. Bd3 Be7 6. Bxf5 {D00: 1 d4 d5: Unusual lines.} exf5 7. Ne5 O-O 8. O-O {[#] Black is slightly better.} Ne4 $146 ({Predecessor:} 8... Nbd7 9. Nxd7 Qxd7 10. Nd2 b6 11. Qe2 Rac8 12. b3 Bb4 13. Bb2 Bxd2 14. Qxd2 Rfe8 {0-1 (46) Kotcarev,A-Sabitov,A (2352) Belorechensk 2007}) 9. Nd2 Nd7 (9... a5 {is interesting.} 10. b3 f6 11. Nxe4 fxe4 12. Ng4 c5) 10. Nxe4 fxe4 11. Nxd7 Qxd7 12. Qe2 f5 13. c4 c6 14. Bd2 h6 15. Bc3 Kh7 16. cxd5 Qxd5 17. Kh1 Rfd8 18. Rg1 g6 19. g4 Rg8 20. gxf5 gxf5 21. Qh5 Qe6 22. Rxg8 (22. b4 {looks sharper.}) 22... Rxg8 23. Rg1 Rxg1+ 24. Kxg1 Qg6+ 25. Qxg6+ Kxg6 $15 {[%mdl 4096] Endgame KB-KB} 26. Kf2 Kf7 27. Ke2 Ke6 28. Kd2 Kd5 29. Kc2 b5 30. Kb3 a6 (30... c5 $5 {[%cal Rb5b4]} 31. a3 Bd6 32. dxc5 Bxc5 $15) 31. a3 c5 32. dxc5 Bxc5 33. Bd2 {[#]} a5 $1 {[%mdl 512]} 34. Kc2 (34. Bxa5 Bxe3) 34... a4 35. Kd1 Kc4 {And now ...Kd3 would win.} 36. Kc2 $1 Be7 37. h3 $2 {[%mdl 8192]} (37. Ba5 $15) 37... Bf6 $2 (37... Bc5 $19 38. Bc1 h5) 38. Bc1 $2 {[%mdl 8192]} (38. Bb4 $15) 38... h5 $2 (38... Bd8 $1 $19 39. Bd2 Bb6) 39. Bd2 Bh4 {Strongly threatening ...Bf2.} 40. Bc1 $2 {[%mdl 8192] White is on the road to losing.} (40. Ba5 $15) 40... Be1 41. Bd2 Bf2 42. Bc1 b4 43. axb4 Kxb4 44. Bd2+ Kc4 45. Bc1 Be1 $1 {[%cal Re1b4] Black mates.} 46. Bd2 Bxd2 $1 47. Kxd2 {KP-KP} Kb3 48. Kc1 a3 $1 49. bxa3 Kxa3 {K3P-K3P} 50. Kd1 Kb3 51. Kd2 Kb2 52. h4 Kb3 53. Kd1 {[#]} Kc3 $1 54. Ke2 {[#]} Kc2 $1 55. Kf2 Kd3 56. Kg3 Kxe3 {Accuracy: White = 65%, Black = 76%.} 0-1

[Event "388 Stay Safe Play From Home series"]
[Site "Emanuel Lasker Arena"]
[Date "2020.08.17"]
[Round "7"]
[White "Fat Kevin"]
[Black "ROOPAL79"]
[Result "1-0"]
[WhiteElo "1976"]
[BlackElo "1677"]
[Annotator "NA"]
[PlyCount "77"]
[EventDate "2020.08.17"]
[EventType "swiss (blitz)"]

1. d4 {[%emt 0:00:02]} Nf6 {[%emt 0:00:02]} 2. c4 {[%emt 0:00:00]} e6 {[%emt 0:00:01]} 3. Nc3 {[%emt 0:00:00]} Bb4 {[%emt 0:00:02]} 4. Nf3 {[%emt 0:00:00]} d5 {[%emt 0:00:03]} 5. e3 {[%emt 0:00:02]} c6 {[%emt 0:00:02]} 6. Bd2 {[%emt 0:00:02]} Nbd7 {[%emt 0:00:01]} 7. a3 {[%emt 0:00:00]} Bd6 {[%emt 0:00:02]} 8. c5 {[%emt 0:00:01]} Bc7 {[%emt 0:00:01]} 9. b4 {[%emt 0:00:00]} b6 {[%emt 0:00:01]} 10. Qc2 {[%emt 0:00:04]} bxc5 {[%emt 0:00:02]} 11. bxc5 {[%emt 0:00:00]} a5 {[%emt 0:00:02]} 12. Bd3 {[%emt 0:00:02]} Ba6 {[%emt 0:00:02]} 13. O-O {[%emt 0:00:01]} Bxd3 {[%emt 0:00:03]} 14. Qxd3 {[%emt 0:00:00]} O-O {[%emt 0:00:02]} 15. e4 {[%emt 0:00:01]} Qe7 {[%emt 0:00:00]} 16. e5 {[%emt 0:00:01]} Ne8 {[%emt 0:00:02]} 17. Rfb1 {[%emt 0:00:00]} f6 {[%emt 0:00:01]} 18. Rb7 {[%emt 0:00:01]} Bd8 {[%emt 0:00:02]} 19. exf6 {[%emt 0:00:02]} Nexf6 {[%emt 0:00:01]} 20. Ne5 {[%emt 0:00:02]} Qf7 {[%emt 0:00:01]} 21. Bg5 {[%emt 0:00:04]} Qh5 {[%emt 0:00:02]} 22. Nxd7 {[%emt 0:00:04]} Nxd7 {[%emt 0:00:03]} 23. Rxd7 {[%emt 0:00:04]} Bxg5 {[%emt 0:00:00]} 24. Re1 {[%emt 0:00:03]} Rad8 {[%emt 0:00:01]} 25. Rc7 {[%emt 0:00:02]} Rc8 {[%emt 0:00:01]} 26. Rxc8 {[%emt 0:00:02]} Rxc8 {[%emt 0:00:02]} 27. Ne2 {[%emt 0:00:00]} Rb8 {[%emt 0:00:02]} 28. Ng3 {[%emt 0:00:01]} Qf7 {[%emt 0:00:03]} 29. h3 {[%emt 0:00:01]} Bf4 {[%emt 0:00:02]} 30. Ne2 {[%emt 0:00:02]} h6 {[%emt 0:00:01]} 31. Nxf4 {[%emt 0:00:01]} Qxf4 {[%emt 0:00:02]} 32. Qe2 {[%emt 0:00:00]} Qe4 {[%emt 0:00:02]} 33. Qxe4 {[%emt 0:00:01]} dxe4 {[%emt 0:00:00]} 34. Rxe4 {[%emt 0:00:00]} Rb1+ {[%emt 0:00:01]} 35. Kh2 {[%emt 0:00:00]} Rb2 {[%emt 0:00:01]} 36. Rxe6 {[%emt 0:00:01]} Rxf2 {[%emt 0:00:01]} 37. Rxc6 {[%emt 0:00:01]} Ra2 {[%emt 0:00:00]} 38. d5 {[%emt 0:00:00]} Rxa3 {[%emt 0:00:01]} 39. d6 {[%emt 0:00:00] TimeB TimeB TimeB} 1-0

[Event "388 Stay Safe Play From Home series"]
[Site "Emanuel Lasker Arena"]
[Date "2020.08.17"]
[Round "8"]
[White "NTBT_DHS"]
[Black "Hickey"]
[Result "1-0"]
[WhiteElo "2560"]
[BlackElo "2244"]
[Annotator "TA"]
[PlyCount "103"]
[EventDate "2020.08.17"]
[EventType "swiss (blitz)"]

{[%evp 10,102,-18,-33,-11,-12,18,9,86,2,75,-34,38,4,50,-64,-31,-64,119,23,21,10,39,-29,0,16,52,-23,-28,-21,41,-118,-118,-110,-105,-422,-118,-118,-118,-172,-118,-149,-97,-91,-98,-94,-98,-196,-196,-190,-183,-207,-198,-229,-221,-220,-208,-249,-219,-218,-215,-287,-271,-296,-197,-364,0,0,0,0,28,-249,0,0,28,21,64,61,29985,29986,29986,29986,29988,29988,29989,29990,29991,29988,29997,29996,29996,29996,29998,29999,29999]} 1. d4 Nf6 2. Nc3 d5 3. Bg5 c6 4. f3 h6 5. Bh4 Nbd7 6. e4 dxe4 {D01: Veresov Opening.} 7. fxe4 g5 8. Bg3 Bg7 {[#]} (8... Qb6 $11) 9. Bc4 $146 (9. e5 $16) ({Predecessor:} 9. e5 Nd5 10. Nxd5 cxd5 11. h4 gxh4 12. Bxh4 Qb6 13. Rh3 Nxe5 14. dxe5 Bxh3 15. Nxh3 {0-1 (35) Diaz Carias,S-Sellos,D (2320) Buenos Aires 1978}) 9... e6 (9... b5 $11 10. Bd3 b4) 10. Qd3 (10. h4 $16) 10... b5 (10... Nh5 $1 $15) 11. Bb3 $14 a5 (11... b4 $5 {[%cal Rb4c3]} 12. Nce2 a5 $15) 12. a3 (12. e5 $1 $14 Nh5 13. a4) 12... Ba6 $1 $15 {Hoping for ...b4.} 13. Qf3 $1 Nb6 $2 {[#]} (13... b4 $15 {stays ahead.} 14. Na4 g4) 14. Nge2 ({White must play} 14. e5 $1 $16 {[%cal Re5f6]} Nfd5 15. h4) 14... b4 15. axb4 axb4 (15... g4 $5 {[%cal Rg4f3]} 16. Qe3 axb4 $11) 16. Na4 (16. e5 $14 bxc3 17. exf6 cxb2 18. Rb1 Bxf6 19. Qxc6+ Nd7 20. Rxb2) 16... Bxe2 17. Kxe2 O-O {Threatens to win with ...Nxa4.} 18. Rhd1 ({White should try} 18. e5 $1 $14 Nfd5 19. Nc5) 18... Nxa4 19. Rxa4 Qb6 (19... Rxa4 $11 20. Bxa4 Qa8) 20. Rda1 $2 (20. Rxa8 $14 {keeps the upper hand.} Rxa8 21. Bd6) 20... Rxa4 $17 21. Rxa4 Qxd4 {[%mdl 64] Double Attack} 22. Qd3 $2 {[%mdl 8192]} (22. c3 $17 {is tougher.} Qg1 23. Qf1 Qxf1+ 24. Kxf1) 22... Qxe4+ $2 (22... Qg1 $19 23. Rxb4 Qxg2+ 24. Ke1 Ra8) 23. Qxe4 Nxe4 24. Be1 (24. Rxb4 $17 {was necessary.} Nxg3+ 25. hxg3) 24... Bxb2 (24... c5 $19 25. Kf3 Nd6) 25. Bxb4 Nc3+ (25... c5 $142 26. Be1 Nc3+ 27. Bxc3 Bxc3) 26. Bxc3 Bxc3 {[%mdl 4096] Endgame KRB-KRB} 27. Rc4 Be5 28. Rxc6 (28. h3 $17 {is a better defense.}) 28... Bxh2 $19 29. Kf3 Be5 30. Rc5 Bf6 31. Rc6 Kg7 32. g4 Rd8 33. Ba4 Rd5 34. Bb3 Rd4 35. Rc7 Rf4+ 36. Ke3 {If only White now had time for Bxe6....} Kg6 37. c3 $2 (37. Rc4 {was the only chance.}) 37... Bd4+ $2 ({Black should play} 37... Rxg4 $19 {White must now prevent ...Be5.} 38. Bc2+ Kg7) 38. cxd4 $11 Rxg4 {KRB-KR} 39. Bc2+ f5 40. Kf3 $2 {[%mdl 8192]} (40. Rc6 $11 {and White has nothing to worry.} Kf7 41. d5 f4+ 42. Kd4) 40... Rf4+ $2 (40... Rxd4 $19 41. Ke3 Rh4) 41. Ke3 Rg4 42. Rc6 {d5 is the strong threat.} Rg3+ 43. Kf2 Rc3 $2 {[%mdl 8192]} (43... Rg4 $14) 44. Rxc3 {White mates.} Kf6 {[#]} 45. Rc6 $1 g4 46. Bb3 Kg5 47. Rxe6 f4 48. Re5+ Kh4 49. Bd5 g3+ 50. Kg2 Kg4 51. Bf3+ Kh4 52. Rh5# {Quite a comeback for White. Accuracy: White = 31%, Black = 32%.} 1-0